Luật hàng không dân dụng : những vấn đề cơ bản /

Luật áp dụng trong hoạt động hàng không dân dụng; Quy chế pháp lý về tàu bay, cảng hàng không, sân bay, tổ bay và hoạt động bay; Vận chuyển hàng không, hợp đồng chuyên chở hàng hoá, hành khách, hành lý; Trách nhiệm dân sự; Bảo hiểm hàng không; Các văn bản....

Fuld beskrivelse

Đã lưu trong:
Bibliografiske detaljer
Hovedforfatter: Nguyễn Chúng.
Format: Bog
Sprog:Vietnamese
Udgivet: Đồng Nai : Nxb tổng hợp Đồng Nai, 2000.
Fag:
Tags: Tilføj Tag
Ingen Tags, Vær først til at tagge denne postø!
Thư viện lưu trữ: Mạng thư viện Đại học Đà Nẵng
LEADER 01221cam a2200349 i 4500
001 000042429
003 303
005 20041029151355.0
008 010217b2000 vm 000 vie
020 |c 23000 
022 |a T 
040 |a IRC  |c IRC  |d IRC 
041 0 |a vie 
082 1 4 |a 343.097  |b NG-C 
100 1 |a Nguyễn Chúng. 
245 1 0 |a Luật hàng không dân dụng :  |b những vấn đề cơ bản /  |c Nguyễn Chúng. 
260 |a Đồng Nai :  |b Nxb tổng hợp Đồng Nai,  |c 2000. 
300 |a 282 tr. ;  |c 20,5 cm. 
520 3 |a Luật áp dụng trong hoạt động hàng không dân dụng; Quy chế pháp lý về tàu bay, cảng hàng không, sân bay, tổ bay và hoạt động bay; Vận chuyển hàng không, hợp đồng chuyên chở hàng hoá, hành khách, hành lý; Trách nhiệm dân sự; Bảo hiểm hàng không; Các văn bản. 
630 0 4 |a Luật pháp. 
630 0 4 |a Luật hàng không. 
650 0 4 |a Luật hàng không. 
OWN |a DUT 
999 |a From the UDN01 
TYP |a Monograph 
TYP |a Printed language 
980 |a Mạng thư viện Đại học Đà Nẵng